000 00881nas a2200289 4500
001 BR9900767
003 BR-BrBNA
005 20231205101234.0
007 ta
008 230509b bl.|||p| |||| 00| 00por d
040 _aBR-BrBNA
_bpor
_cBiblioteca Nacional de Agricultura
041 _a(Pt)
072 _aF08
100 1 _aMueller, S.
100 1 _aDurigan, J.C.
100 1 _aBanzatto, D.A.
100 1 _aKruez, C.L.
245 1 _aEpocas de consorcio de alho com beterraba perante tres manejos do mato sobre a produtividade e o lucro
650 _aAlho
650 _aBeterraba
650 _aConsorciacao de Cultura
650 _aRentabilidade
650 _aSanta Catarina
773 0 _tPesquisa Agropecuaria Brasileira (Brazil)
_xISSN 0100-204X
_g(Aug 1998), v. 33(8) p. 1361-1373
_wBR9900767
909 _a202311
_bLúcia
_c55
_dLúcia Elande
942 _2AGRIS
_n0
_cANA
999 _c160611
_d160611